| 000 | 00850cab a2200229 4500 | ||
|---|---|---|---|
| 001 | ABS39985 | ||
| 008 | 090401t1988 xxu||||| |||| 00| 0 eng d | ||
| 035 | _a(Sirsi) u20452 | ||
| 041 | _aeng | ||
| 100 | _aLevy, D.N. | ||
| 245 | _aLandlord and Tenant Act 1988 | ||
| 260 | _c1988 | ||
| 350 | _a0 | ||
| 490 |
_aLaw Society`s Gazette _v85(40) 2 November 1988, 35-36(2) |
||
| 520 | _aOutlines the provisions of the Landlord and Tenant Act 1988 which came into force on 29 September 1988 and considers its largely underestimated impact on landlord and tenant law with regard to assignment and underletting . | ||
| 650 | _aBUSINESS TENANCIES | ||
| 650 | _aCOVENANTS | ||
| 650 | _aPROPERTY-RESIDENTIAL PROPERTY-RESIDENTIAL LANDLORD AND TENANT-RESIDENTIAL TENANCIES | ||
| 690 |
_aLandlord and tenant _96252 |
||
| 942 | _n0 | ||
| 948 | _c04/03/1997 | ||
| 999 |
_c13702 _d13702 |
||